Palivový element jadrového reaktora. G 21C 3/34

Bibliographic Details
Main Author: Steinke, Alexander (Author)
Format: Book
Language:Undetermined
PhysicalDescription:11 s.
Published: Banská Bystrica Úrad priemyselného vlastníctva SR 2000

MARC

LEADER 00000nam a2200000 a 4500
001 vtls001415077
003 SK-MaSNL
005 20260301191448.0
008 240315sm y0 xo 0 und
035 |a SNK000369809 
040 |a SNK  |b slo  |c SNK  |e AACR2 
044 |a xo  |c SK 
100 1 |a Steinke, Alexander  |4 aut  |9 568087 
245 1 |a Palivový element jadrového reaktora. G 21C 3/34 
260 |a Banská Bystrica  |b Úrad priemyselného vlastníctva SR  |c 2000 
300 |a 11 s. 
999 |c 871113  |d 873043 
952 |t P60, <04>, [BOOK], {604}  |a SNK  |b SNK  |y VYP  |7 0  |p 17A0303384  |o snkSK 280672  |i snkPS 366/2001  |0 0  |1 0  |4 0  |d 2001-06-13  |l 0  |r 2005-01-02 00:00:00  |w 2026-02-24